| 000 | 00413nam a2200169Ia 4500 | ||
|---|---|---|---|
| 003 | STCL | ||
| 008 | 181203s9999 xx 000 0 und d | ||
| 020 | _a9781119072560 | ||
| 040 |
_aSTCL _bEN _cSTCL |
||
| 082 | _222 | ||
| 100 | _aBrown, T.A. | ||
| 245 | 0 | _aGene Cloning and DNA Analysis: An Introduction | |
| 260 |
_bWiley Blackwell _aNew Delhi _c2016 |
||
| 300 | _a353 | ||
| 546 | _aEnglish | ||
| 942 |
_2ddc _cBK |
||
| 999 |
_c86408 _d86408 |
||